000
00264nam a2200109Ia 4500
008
200302s9999 xx 000 0 und d
100
_a
Dennie Houghton Carter
245
_a
All About Decorating
260
_b
Conso Publishing Co.,
260
_c
1977
300
_a
303 P.,
999
_c
407
_d
407